LOTR: Residents of Middle-Earth: Isengard - Statistics

General Stats
  • This quiz has been taken 50 times
  • The average score is 4 of 7
Answer Stats
Answer % Correct
Saruman
100%
Gríma Wormtongue
85%
Treebeard
79%
Uglúk
39%
Quickbeam
36%
Mauhúr
24%
Snaga
18%
No matching quizzes found
Score Distribution
Percent of People with Each Score
Percentile by Number Answered
Your Score History
You have not taken this quiz